| 000 | 00000nam##2200000za#4500 |
| 001 | 9.587741 |
| 003 | CaOODSP |
| 005 | 20210624194800 |
| 007 | cr ||||||||||| |
| 008 | 150406|2007||||xxc|||||o f|0| 0 eng|d |
| 022 | |a1701-1280 |
| 040 | |aCaOODSP|beng |
| 041 | |aeng |
| 041 | |afre |
| 043 | |an-cn--- |
| 086 | 1 |aFs70-4/2007-057-PDF |
| 110 | 1 |aCanada. |bDepartment of Fisheries and Oceans. |
| 245 | 10|aNational science workshop on "Critical Habitat and Recovery Potential Assessment Framework" : |h[electronic resource]|b27-30 August, 2007, Ottawa, Ontario / |cJake Rice, chair ; Jennifer Shaw and Gary Rawn, editors. |
| 260 | |aOttawa - Ontario : |bFisheries and Oceans Canada |cAugust 2008. |
| 300 | |a96p.|btables |
| 490 | 1 |aCanadian Science Advisory Secretariat proceedings series|x1701-1280|v2007/057 |
| 590 | |a11-32-Supp|b2011-12-20 |
| 720 | 1 |aRawn, Gary P. |
| 720 | 1 |aRice, Jake |
| 720 | 1 |aShaw, Jennifer |
| 792 | |tAtelier national des Sciences sur « l'habitat essentiel et le cadre d'évaluation du potentiel de rétablissement » : |efre|w(CaOODSP)9.587742 |
| 830 | #0|aProceedings series (Canadian Science Advisory Secretariat)|x1701-1280|v2007/057|w(CaOODSP)9.500507 |
| 856 | 40|ahttp://publications.gc.ca|qPDF|s580 KB|uhttps://publications.gc.ca/collections/collection_2011/mpo-dfo/Fs70-4-2007-057.pdf|y2007/057 |